000 00528nam a22001817a 4500
999 _c4162
_d4162
003 GBCCL
005 20241126110512.0
008 180116b xxu||||| |||| 00| 0 eng d
040 _cgbc
082 _aVER 228.07
_bKHA
100 _aKhamkholun, L
_97255
245 _aJesu Khrist Kilakna /
_cL. Khamkholun
260 _bEvangelical Book House,
_aLamka:
_c1995
300 _a535 p.;
_c21 cm.
440 _aSaptuam Laisiangthou Hilhchetna
_97247
650 _aBible
_vNew Testament
_vRevelation
_xCommentary
_97926
942 _2ddc
_cBK
_04